000 00752na a2200253 4500
001 15573
003 MIRAKIL
005 20181213154832.0
008 161024b tu 000 0
040 _aMilas
_btur
_cTR-AnCHP
041 _atur
082 _a341.242
_bA47g [t.y.]
090 _a341.242 A47g [t.y.]
100 _aAltınok, Salih
_d1966-
245 _aGenel bir yaklaşımla Avrupa Birliği ve politikaları
_cSalih Altınok
246 _aAvrupa Birliği ve politikaları
260 _a[y.y.]
_b[yayl.y.]
_c[t.y.]
300 _a69 s.
_c25 sm.
504 _aKaynakça var.
610 _aAvrupa Birliği (AB)
_xPolitikalar
610 _aAvrupa Birliği (AB)
650 _aUluslararası hukuk
_xAvrupa Birliği (AB)
942 _2ddc
_cBKS
999 _c1710
_d1710